000 00663nam a2200205Ii 4500
003 JO-AjNU
008 230605s9999||||xx |||||||||||||| ||und||
040 _aJO-AjNU
_bara
_erda
_cJO-AjNU
041 _aara
050 1 4 _aKBP3791.1984
100 3 _aحسنى، محمود نجيب,
_eauthor
_944804
245 0 0 _aمدخل للفقة الجنائي الاسلامي
250 _a(د،ط)
264 3 1 _aالقاهرة : دار النهضة العربية ، 1984
300 _a25ص
336 _atext
_btxt
_2rdacontent
337 _aunmediated
_bn
_2rdamedia
338 _avolume
_bnc
_2rdacarrier
650 4 _aالجنايات (فقه إسلامي) 
_944805
999 _aA19374
_c22942
_d22942